Sistema de control energético de una fabrica productora de cemento

Shranjeno v:
Bibliografske podrobnosti
Glavni avtor: Bolaños Jiménez, José Alberto
Format: Knjiga
Izdano: [San José , Costa Rica] 1985
Teme:
Oznake: Označite
Brez oznak, prvi označite!

MARC

LEADER 00000nam a2200000Ia 4500
003 002977
005 20221231144405.0
008 140114s1985 cr a m 000 ||s d
040 |c cru CEDI 
090 |a TFG 1629 
100 |a Bolaños Jiménez, José Alberto  |9 14672 
245 |a Sistema de control energético de una fabrica productora de cemento  
260 |c 1985  |a [San José , Costa Rica] 
300 |a  133 hojas : ilustraciones ; 28 cm  
500 |a  Proyecto de graduación (licenciatura en ingeniería química)-- Universidad de Costa Rica. Facultad de Ingeniería. Escuela de Ingeniería Química 
650 |x INDUSTRIA DEL CEMENTO   |x CONSUMO DE ENERGIA - CONTROL  |9 14671 
942 |c TFG 
999 |c 21182  |d 21182